Best Actor Winners - Statistics

General Stats
  • This quiz has been taken 20 times
  • The average score is 33 of 98
Answer Stats
Hint Answer % Correct
1945 Bing Crosby
75%
1935 Clark Gable
75%
1929 Emil Jannings
75%
1947 Frederic March
75%
1931 George Arliss
75%
1976 Jack Nicholson
75%
1949 Laurence Olivier
75%
1932 Lionel Barrymore
75%
1973 Marlon Brando
75%
1944 Paul Lukas
75%
1946 Ray Milland
75%
1940 Robert Donat
75%
1948 Ronald Colman
75%
1958 Alec Guinness
50%
1992 Anthony Hopkins
50%
1975 Art Carney
50%
1983 Ben Kingsley
50%
1960 Charles Heston
50%
1990 Daniel Day-Lewis
50%
1980 Dustin Hoffman
50%
1989 Dustin Hoffman
50%
1956 Ernest Borgnine
50%
1985 F. Murray Abraham
50%
1933 Frederic March
50%
1942 Gary Cooper
50%
1972 Gene Hackman
50%
1971 George C. Scott
50%
1982 Henry Fonda
50%
1952 Humphrey Bogart
50%
1991 Jeremy Irons
50%
1955 Marlon Brando
50%
1962 Maximillian Schell
50%
1988 Michael Douglas
50%
1937 Paul Muni
50%
1967 Paul Scofield
50%
1977 Peter Finch
50%
1965 Rex Harrison
50%
1978 Richard Dreyfuss
50%
1981 Robert De Niro
50%
1984 Robert Duvall
50%
1938 Spencer Tracy
50%
1939 Spencer Tracy
50%
1994 Tom Hanks
50%
1995 Tom Hanks
50%
1933 Wallace Beery
50%
1930 Warner Baxter
50%
2025 Adrien Brody
25%
1993 Al Pacino
25%
2021 Anthony Hopkins
25%
2023 Brendan Fraser
25%
1950 Broderick Crawford
25%
1961 Burt Lancaster
25%
2017 Casey Affleck
25%
1934 Charles Laughton
25%
2024 Cillian Murphy
25%
1969 Cliff Robertson
25%
2013 Daniel Day-Lewis
25%
1959 David Niven
25%
1953 Gary Cooper
25%
1963 Gregory Peck
25%
1974 Jack Lemmon
25%
1943 James Cagney
25%
1941 James Stewart
25%
2020 Jaoquin Phoenix
25%
1979 Jon Voight
25%
1951 Jose Ferrer
25%
1966 Lee Marvin
25%
1987 Paul Newman
25%
2019 Rami Malek
25%
1968 Rod Steiger
25%
1936 Victor Mclaglen
25%
1986 William Hurt
25%
2022 Will Smith
25%
2003 Adrien Brody
0%
2011 Colin Firth
0%
2008 Daniel Day-Lewis
0%
2002 Denzel Washington
0%
2015 Eddie Redmayne
0%
2007 Forest Whitaker
0%
2018 Gary Oldman
0%
1997 Geoffrey Rush
0%
1998 Jack Nicholson
0%
2005 Jamie Foxx
0%
2012 Jean Dujardin
0%
2010 Jeff Bridges
0%
1970 John Wayne
0%
2000 Kevin Spacey
0%
2016 Leonardo DiCaprio
0%
2014 Matthew McConaughey
0%
1996 Nicolas Cage
0%
2006 Philip Seymour-Hoffman
0%
1999 Roberto Benigni
0%
2001 Russell Crowe
0%
2004 Sean Penn
0%
2009 Sean Penn
0%
1964 Sidney Poitier
0%
1954 William Holden
0%
1957 Yul Brynner
0%
No matching quizzes found
Score Distribution
Percent of People with Each Score
Percentile by Number Answered
Your Score History
You have not taken this quiz